00728nam a2200169 a 450000100100000000500170001000800410002704000250006810000360009324500830012926000590021230000200027149000300029183000370032195201830035899900170054100004615620201002052656.0150630s1999 dr a 000 0 spa d aDO-SdBNPbspacBNPHU1 aFerdinand, Dinys Luciano97420210aAutoestima y participación social de las mujeres /cDinys Luciano Ferdinand. aSanto Domingo :bprograma Mundial de Alimentos,c1999. a24 p. ;c21 cm.1 aDivulgaciónaautoestima 0aDivulgaciónpautoestima974203 0010718PDaPDbPDcHDd2015-06-30iLF1l0o p46156-10r2020-06-25w2020-06-25yLFPDzPerteneció a la biblioteca personal de Chiqui Vicioso / Fidelio Despradel.ZNo se presta c45645d45645